Perfect Games in MLB History - Statistics

General Stats
  • This quiz has been taken 109 times
  • The average score is 13 of 24
Answer Stats
Year Team Pitcher % Correct
2004 Arizona Diamondbacks Randy Johnson
87%
2012 Seattle Mariners Félix Hernández
85%
1965 Los Angeles Dodgers Sandy Koufax
79%
1998 New York Yankees David Wells
75%
2010 Philadelphia Phillies Roy Halladay
75%
1999 New York Yankees David Cone
74%
2023 New York Yankees Domingo Germán
68%
1991 Montreal Expos Dennis Martínez
67%
1956 New York Yankees Don Larsen
66%
2009 Chicago White Sox Mark Buehrle
60%
1904 Boston Americans Cy Young
58%
1968 Oakland Athletics Catfish Hunter
56%
2012 San Francisco Giants Matt Cain
56%
2010 Oakland Athletics Dallas Braden
51%
1994 Texas Rangers Kenny Rogers
45%
1964 Philadelphia Phillies Jim Bunning
41%
2012 Chicago White Sox Philip Humber
41%
1984 California Angels Mike Witt
40%
1988 Cincinnati Reds Tom Browning
40%
1981 Cleveland Indians Len Barker
38%
1908 Cleveland Naps Addie Joss
31%
1922 Chicago White Sox Charlie Robertson
20%
1880 Providence Grays John Montgomery Ward
20%
1880 Worcester Worcesters Lee Richmond
15%
No matching quizzes found
Score Distribution
Percent of People with Each Score
Percentile by Number Answered
Your Score History
You have not taken this quiz